Music Quiz

Random Music or Album Quiz

The Archies Songs Quiz Stats

 Plays Quiz not verified by Sporcle

Score 0/86 Timer 05:00
0 Plays Today
Album Song % Correct
Everything's ArchieSugar, Sugar
67%
The Archies Greatest HitsSugar, Sugar
67%
Jingle Jangle and Sugar SugarJingle Jangle
60.2%
The Archies Greatest HitsJingle Jangle
60.2%
The ArchiesEverything's Archie (TV theme song)
52.3%
The ArchiesBang-Shang-A-Lang
50%
The ArchiesTruck Driver
50%
SunshineSunshine
50%
The Archies Greatest HitsSunshine
50%
The Archies Greatest HitsBang-Shang-A-Lang
50%
This Is LoveThis Is Love
50%
The ArchiesSeventeen Ain't Young
48.9%
The Archies Greatest HitsWho's Your Baby?
48.9%
The Archies Greatest HitsSeventeen Ain't Young
48.9%
Everything's ArchieBicycles, Roller Skates and You
44.3%
Everything's ArchieFeelin' So Good (S.K.O.O.B.Y.-D.O.O.)
40.9%
SunshineOne Big Family
40.9%
The Archies Greatest HitsFeelin' So Good (S.K.O.O.B.Y.-D.O.O.)
40.9%
The Archies Christmas AlbumJingle Bell Rock
40.9%
SunshineMr. Factory
39.8%
The ArchiesBoys & Girls
38.6%
The ArchiesCatching Up On Fun
38.6%
Everything's ArchieYou Little Angel You
38.6%
This Is LoveLittle Green Jacket
38.6%
The Archies Christmas AlbumHave Yourself a Merry Little Christmas
38.6%
The ArchiesRide Ride Ride
37.5%
Jingle Jangle and Sugar SugarArchies Party
37.5%
SunshineDance Dance Dance
37.5%
SunshineComes The Sun
37.5%
Album Song % Correct
The ArchiesYou Make Me Wanna Dance
36.4%
Everything's ArchieRock 'N' Roll Music
36.4%
Everything's ArchieCircle Of Blue
36.4%
The Archies Christmas AlbumUp On The Housetop
35.2%
The ArchiesHey Loddy Do Down Down
34.1%
The ArchiesI'm In Love
34.1%
Everything's ArchieDon't Touch My Guitar
34.1%
SunshineLove and Rock and Roll Music
34.1%
The Archies Christmas AlbumRun Run Rudolph
34.1%
The ArchiesHide & Seek
31.8%
Everything's ArchieLove Light
31.8%
Jingle Jangle and Sugar SugarSenorita Rita
31.8%
SunshineA Summer Prayer For Peace
31.8%
Everything's ArchieKissin'
30.7%
Jingle Jangle and Sugar SugarGet On The Line
30.7%
The Archies Greatest HitsGet On The Line
30.7%
The Archies Christmas AlbumRockin' Around the Christmas Tree
30.7%
The Archies Christmas AlbumArchies Christmas Party
30.7%
The Archies Christmas AlbumChristmas in Riverdale
30.7%
SunshineWaldo P. Emerson Jones
29.5%
The Archies Greatest HitsWaldo P. Emerson Jones
29.5%
Everything's ArchieMelody Hill
28.4%
Jingle Jangle and Sugar SugarWhoopee Tie Ai A
27.3%
This Is LoveDon't Need No Bad Girl
27.3%
Jingle Jangle and Sugar SugarShe's Putting Me Thru Changes
26.1%
The Archies Christmas AlbumSanta Claus Is Coming To Town
25%
The Archies Christmas AlbumHere Comes Santa Claus
23.9%
The ArchiesTime For Love
21.6%
Everything's ArchieHot Dog
21.6%
Album Song % Correct
Everything's ArchieInside Out, Upside Down
20.5%
SunshineSuddenly Susan
17%
The Archies Christmas AlbumHolly Jolly Christmas
14.8%
SunshineOver And Over
13.6%
The Archies Greatest HitsOver And Over
13.6%
This Is LoveEasy Guy
13.6%
This Is LoveTogether We Two
10.2%
The Archies Christmas AlbumSleigh Ride
10.2%
Jingle Jangle and Sugar SugarLook Before You Leap
9.1%
Jingle Jangle and Sugar SugarSugar And Spice
9.1%
This Is LoveThrow a Little Love My Way
9.1%
The Archies Christmas AlbumI Saw Mommy Kissing Santa Claus
9.1%
Jingle Jangle and Sugar SugarEverything's Alright
8%
The Archies Greatest HitsEverything's Alright
8%
Non Album Singles + B-SidesLove Is Living In You
8%
Non Album Singles + B-SidesStrangers in the Morning
6.8%
SunshineWho's Gonna Love Me
4.5%
This Is LoveShould Anybody Ask
4.5%
This Is LoveCarousel Man
4.5%
This Is LoveWhat Goes On
3.4%
This Is LoveThis Is The Night
3.4%
Jingle Jangle and Sugar SugarJustine
2.3%
Jingle Jangle and Sugar SugarNursery Rhyme
2.3%
SunshineIt's the Summertime
2.3%
Jingle Jangle and Sugar SugarYou Know I Love You
1.1%
This Is LoveMaybe I'm Wrong
1.1%
This Is LoveHold On to Lovin'
1.1%
Non Album Singles + B-SidesPlum Crazy
0%

You're not logged in!

Compare scores with friends on all Sporcle quizzes.
OR
Log In

Sporcle TV

Today on Sporcle TV


Watch our educational content, quiz creation guides, and fun videos on Sporcle TV.

Show Comments

Extras

Top Quizzes Today


Score Distribution

Your Account Isn't Verified!

In order to create a playlist on Sporcle, you need to verify the email address you used during registration. Go to your Sporcle Settings to finish the process.

Report this User

Report this user for behavior that violates our Community Guidelines.

Details: